Everyman's guide to the High Tatras 1993/1994. /
Uložené v:
| Ďalší autori: | |
|---|---|
| Médium: | Kniha |
| Jazyk: | English Slovak |
| Vydané: |
Tatranská Lomnica :
Limba,
1993
|
| Vydanie: | 1. vyd. |
| Témy: | |
| ISBN: |
8090055281 (brož.) |
| Fyzický popis: |
64 s. |
| Tagy: |
Pridať tag
Žiadne tagy, Buďte prvý kto otaguje tento záznam!
|
Titul je dostupný aj v ... 

MARC
| LEADER | 00000nam a2200000 a 4500 | ||
|---|---|---|---|
| 001 | 000073739 | ||
| 003 | SVKK | ||
| 005 | 20010430000000.0 | ||
| 008 | 001003s1993 xo e engo | ||
| 020 | |a 8090055281 (brož.) | ||
| 040 | |a SVKKK |b slo |c SVKKK |e AACR2 | ||
| 041 | 1 | |a eng |h slo | |
| 044 | |a xo |c SK | ||
| 080 | |a 908(234.372.4)(036) |2 1997 | ||
| 080 | |a 914.376(234.372.4)(036) |2 1997 | ||
| 245 | 0 | 0 | |a Everyman's guide to the High Tatras 1993/1994. / |c Zost. Juraj Bobula |
| 250 | |a 1. vyd. | ||
| 260 | |a Tatranská Lomnica : |b Limba, |c 1993 | ||
| 300 | |a 64 s. | ||
| 653 | 0 | |a Vysoké Tatry (Slovensko) |2 SVKKKPH | |
| 653 | 0 | |a sprievodca turistický |2 SVKKKPH | |
| 655 | 7 | |a sprievodcovia |2 SVKKKPH | |
| 700 | 1 | |a Bobula, Juraj |4 com | |
| 910 | |a svkkk | ||
| 919 | |a 80-900552-8-1 | ||
| 974 | |a UH |d 20001003 | ||
| 974 | |a PA |d 20001003 | ||
| 974 | |a PA |d 20010430 | ||
| 998 | |a BK | ||
| 090 | |g SCKHL |k Sklad Hlavná 10 prízemie |a I.65002 |j 866156 |i 2720042441 |s Absenčne | ||